The Importance of Music as a Mood Regulator: Adaptation of Music in Mood Regulation Scale in the Conditions of Slovakia

Hlavným cieľom predkladaného článku je skúmanie hudby ako regulátora nálady v slovenských podmienkach na základe Music in Mood Regulation Scale (MMR). Základom primárneho prieskumu bola vzorka vhodnosti pozostávajúca z 209 respondentov. Vzorka má podobné (ale nie rovnaké) charakteristiky ako populác...

Descripción completa

Guardado en:
Detalles Bibliográficos
Autor principal: Čvirik, Marián, 1992-
Formato: Capítulo de libro
Lenguaje:inglés
Materias:
Etiquetas: Agregar Etiqueta
Sin Etiquetas, Sea el primero en etiquetar este registro!

MARC

LEADER 00000naa a2200000 4500
001 0303882
005 20250930095843.0
041 0 |a eng 
044 |a CZ 
245 1 0 |a The Importance of Music as a Mood Regulator: Adaptation of Music in Mood Regulation Scale in the Conditions of Slovakia  |c Marián Čvirik 
520 |a Hlavným cieľom predkladaného článku je skúmanie hudby ako regulátora nálady v slovenských podmienkach na základe Music in Mood Regulation Scale (MMR). Základom primárneho prieskumu bola vzorka vhodnosti pozostávajúca z 209 respondentov. Vzorka má podobné (ale nie rovnaké) charakteristiky ako populácia. 
610 2 0 |a hudba 
610 2 0 |a psychológia 
610 2 0 |a zdravie duševné 
610 2 0 |a analýzy 
100 1 |a Čvirik, Marián, 1992-